| 000 | 01231cam a22002415a 4500 | ||
|---|---|---|---|
| 001 | 15496676 | ||
| 005 | 20161122111426.0 | ||
| 008 | 081022t2009 dcua frb 001 0 eng d | ||
| 020 | _a9781582121277 | ||
| 040 |
_aDNLM/DLC _cDLC _dDLC _dEG-ScBUE _beng |
||
| 082 | 0 | 4 |
_a615.1 _222 _bPOS |
| 100 | 1 | _aPosey, L. Michael. | |
| 245 | 1 | 0 |
_aPharmacy : _ban introduction to the profession / _cL. Michael Posey. |
| 250 | _a2nd ed. | ||
| 260 |
_aWashington : _bAmerican Pharmacists Association, _cc.2009. |
||
| 300 |
_ax, 211 p. : _bill. ; _c28 cm. |
||
| 504 | _aIncludes bibliographical references and index. | ||
| 505 | 0 | _aPharmacy's cadence : drumbeat of a profession -- Development of pharmacy in history as a healing profession -- Pharmacy reborn : pharmaceutical care and medication -- Therapy management -- Communications in pharmacy practice -- Ethics in pharmacy practice -- Career planning : practice areas in pharmacy -- Governmental and voluntary oversight of pharmacy -- Pharmacy associations -- Using the pharmacy literature and writing for it -- Postgraduate educational opportunities -- Current issues in pharmacy. | |
| 650 | 7 |
_aPharmacy. _2BUEsh _939617 |
|
| 651 | _2BUEsh | ||
| 653 |
_bPPhrm _cNovember2016 |
||
| 942 | _2ddc | ||
| 999 |
_c23253 _d23225 |
||